Understanding journalism: (Record no. 157893)

MARC details
000 -LEADER
fixed length control field 00574nam a22001817a 4500
005 - DATE AND TIME OF LATEST TRANSACTION
control field 20181008113330.0
010 ## - LCCN (DPL NO)
LC control number ENG-124206
020 ## - INTERNATIONAL STANDARD BOOK NUMBER
Terms of availability 295.00
International Standard Book Number 9789350579206
035 ## - SYSTEM CONTROL NUMBER
System control number EN-107738
037 ## - SOURCE OF ACQUISITION
Source of stock number/acquisition DBAD/PUB
082 ## - DEWEY DECIMAL CLASSIFICATION NUMBER
Classification number 070.4
100 ## - MAIN ENTRY--PERSONAL NAME
Personal name Roy, Barun
245 ## - TITLE STATEMENT
Title Understanding journalism:
Remainder of title by Barun Roy
Statement of responsibility, etc gain the better understanding of communication procss /
260 ## - PUBLICATION, DISTRIBUTION, ETC. (IMPRINT)
Place of publication, distribution, etc New Delhi
Name of publisher, distributor, etc V&S Publishers
Date of publication, distribution, etc 2017
270 ## - ADDRESS
Address F-2/16, Ansari Road, Daryaganj
City New Delhi
Postal code 110002
300 ## - PHYSICAL DESCRIPTION
Extent 154p.
Dimensions 21cm(pbk)
Other physical details ill.
942 ## - ADDED ENTRY ELEMENTS (KOHA)
Source of classification or shelving scheme Dewey Decimal Classification
Item type English Books
Call number suffix ROY
Classification part 070.4
Holdings
Withdrawn status Lost status Not for loan Collection code Home library Current library Date acquired Source of acquisition Cost, normal purchase price Full call number Barcode Copy number Cost, replacement price Koha item type
    Not For Loan Non-fiction D.B.Act.Division Sarojini Nagar 08/10/2018 DBAD/PUB 295.00 070.4 ROY EN-107738 1 295.00 English Books

© Delhi Public Library
Hit Counter
free hit counter